| 000 | 00490nam a22001697a 4500 | ||
|---|---|---|---|
| 999 |
_c17074 _d17074 |
||
| 008 | 180730b xxu||||| |||| 00| 0 eng d | ||
| 020 | _a996706623 | ||
| 040 |
_aKABU _cKABU |
||
| 050 |
_aP91.5 _b.S73Y53 2010 c. 1 |
||
| 100 | _aYide, S.O. | ||
| 245 |
_aMedia training scene _ba case of Southern Sudan _cby S.O. Yide |
||
| 250 | _a2nd ed. | ||
| 260 |
_aNairobi, Kenya _bInter-States Books Agencies _c2010 |
||
| 300 | _axii, 211 p. | ||
| 650 | _aJournalism | ||
| 942 |
_2lcc _cBK _hP91.5 |
||